Statistiken für Deutsche Songs mit Musik im Titel

Klicken Sie hier um das Quiz zu spielen!

Allgemein

  • Dieses Quiz wurde 569 mal gespielt
  • Das Durchschnittsergebnis liegt bei 8 aus 18

Antwortstatistiken

InterpretSongtitel% Korrekt
Falco{Rock} me Amadeus
90%
Mark ForsterCh{öre}
81%
AnnenMayKantereitBarfuß am {Klavier}
76%
Adel TawilL{ieder}
67%
Udo Lindenberg feat. CluesoC{ello}
64%
Tony HolidayTanze {Samba} mit mir
57%
Kraftklub{Song}s für Liam
56%
SilbermondSy{mphonie}
49%
DeichkindSo 'ne {Musik}
44%
Bernd ClüverDer Junge mit der {Mundharmonika}
42%
Hazy Osterwald SextettKriminal-{Tango}
36%
Freddy QuinnDie {Gitarre} und das Meer
28%
TomteDas {Orchester} spielt einen Walzer
23%
Das LumpenpackRock{pop}coverband
22%
Normahl{Punk} ist keine Religion
13%
Ralf BendixBabysitter-{Boogie}
9%
LotteP{auken}
7%
Antilopen GangLeben eines {Rapper}s
6%

Verteilung der Resultate

Perzentil nach korrekt beantworteten Fragen

Anzahl Personen mit jedem Resultat

Ihre Resultats-Entwicklung

Sie haben dieses Quiz noch nicht gespielt